Vývoj počítačovej aplikácie automatizujúcej vybrané procesy manažmentu kúpeľného zariadenia v jazyku C# diplomová práca

Saved in:
Bibliographic Details
Main Author: Topoľská, Barbora
Corporate Author: Fakulta hospodárskej informatiky EU. Katedra aplikovanej informatiky
Other Authors: Hanák, Ján
Format: Book
Language:Slovak
Published: Bratislava 2012
Tags: Add Tag
No Tags, Be the first to tag this record!

MARC

LEADER 00000nbm a2200000 4500
001 0159300
005 20161109102237.4
041 0 |a slo 
044 |a SK 
245 1 0 |a Vývoj počítačovej aplikácie automatizujúcej vybrané procesy manažmentu kúpeľného zariadenia v jazyku C#  |b diplomová práca  |c Barbora Topoľská ; školiteľ: Ján Hanák 
264 1 |a Bratislava  |c 2012 
300 |a 51 s. 
100 1 |a Topoľská, Barbora 
700 1 |a Hanák, Ján 
710 2 |a Fakulta hospodárskej informatiky EU. Katedra aplikovanej informatiky